000 00361nam a22001457a 4500
008 250313b |||||||| |||| 00| 0 eng d
020 _a9780323414876
050 _aQM25
_b.K45
100 _aKelley Lorrie L.
245 _aSectional Anatomy for Imaging Professionals.
250 _a4th
260 _aMissouri
_bElsevier
_c2018
300 _aix,781p
942 _cBK
999 _c2291
_d2291